| 000 | 00613cam a22002411 4500 | ||
|---|---|---|---|
| 001 | sa 65008043 | ||
| 003 | DLC | ||
| 005 | 20260227112153.0 | ||
| 008 | 890912s1964 ii b 000 0 urdr | ||
| 010 | _asa 65008043 | ||
| 035 | _a(OCoLC)20331288 | ||
| 040 |
_aDLC _cWaU _dDLC |
||
| 042 | _apremarc | ||
| 050 | 0 | 0 |
_aPK2198.G4 _bZ7618 |
| 100 | 1 | _aLatif, Syed Abdul. | |
| 245 | 1 | 0 | _aG̲h̲ālib. |
| 260 | _c[1964?] | ||
| 300 |
_a160 p. _c19 cm. |
||
| 500 | _aIn Urdu. | ||
| 500 | _aText partially vocalized. | ||
| 504 | _aBibliographical footnotes. | ||
| 600 | 1 | 0 |
_aGhalib, Mirza Asadullah Khan, _d1797-1869. |
| 999 |
_c65509 _d65509 |
||